000 00416nam a2200145Ia 4500
008 100122s9999 xx 000 0 und d
082 _b26825
_a823.08
100 _aमुसळे गोविंद
245 _aमन माझं
260 _bश्री विशाखा प्रकाशन
_c1978
300 _a123
630 _aमन माझं
730 _aमन माझं
942 _cBOOK
999 _c413192
_d413189